El nuevo contrato de seguro (Registro nro. 2374)
[ vista simple ]
| 000 -LEADER | |
|---|---|
| fixed length control field | 00981 a2200193 4500 |
| 001 - CONTROL NUMBER | |
| control field | 33617 |
| 005 - DATE AND TIME OF LATEST TRANSACTION | |
| control field | 20260407155627.0 |
| 008 - FIXED-LENGTH DATA ELEMENTS--GENERAL INFORMATION | |
| fixed length control field | 260407a1969 arg spa d |
| 003 - CONTROL NUMBER IDENTIFIER | |
| control field | AR-UNSa-BCEJYS |
| 040 ## - CATALOGING SOURCE | |
| Original cataloging agency | AR-UNSa-BCEJYS |
| Language of cataloging | spa |
| Transcribing agency | AR-UNSa-BCEJYS |
| 080 ## - UNIVERSAL DECIMAL CLASSIFICATION NUMBER | |
| Universal Decimal Classification number | 368.022 |
| Common auxiliary subdivision | Contratos de seguros en general |
| 100 1# - MAIN ENTRY--PERSONAL NAME | |
| Personal name | Soler Aleu, Amadeo |
| 245 10 - TITLE STATEMENT | |
| Title | El nuevo contrato de seguro |
| 264 #1 - PRODUCTION, PUBLICATION, DISTRIBUTION, MANUFACTURE, AND COPYRIGHT NOTICE | |
| Place of production, publication, distribution, manufacture | Buenos Aires : |
| Name of producer, publisher, distributor, manufacturer | Abaco de Rodolfo Depalma |
| Date of production, publication, distribution, manufacture, or copyright notice | 1969 |
| 300 ## - PHYSICAL DESCRIPTION | |
| Extent | 373 p. |
| Dimensions | 24 cm. |
| 505 ## - FORMATTED CONTENTS NOTE | |
| Formatted contents note | 1. Introducción - 2. Elementos eseciales - 3. Formación de la relación - 4. Efectos y extinción - 5. Obligaciones y cargas del asegurado - 6. Obligaciones del asegurador - 7. Cláusulas penales - 8. Nulidad del contrato - 9. Prescripción y caducidad - 10. Jurisdicción y competencia - 11. Seguro de incendio - 12. La responsabilidad civil - 13. Seguros agropecuarios - 14. Seguros de personas - 15. Traslado de riesgo - Apéndice |
| 590 ## - LOCAL NOTE (RLIN) | |
| Local note | niveau_biblio:m niveau_hierar:0 |
| 942 ## - ADDED ENTRY ELEMENTS (KOHA) | |
| Koha item type | |
| Withdrawn status | Lost status | Damaged status | Not for loan | Home library | Current library | Shelving location | Date acquired | Total checkouts | Full call number | Barcode | Date last seen | Price effective from | Koha item type |
|---|---|---|---|---|---|---|---|---|---|---|---|---|---|
| Biblioteca Prof. Eusebio Cleto del Rey | Biblioteca Prof. Eusebio Cleto del Rey | 07/04/2026 | 368.022 S685 | L21650 | 07/04/2026 | 07/04/2026 | Libro | ||||||
| Biblioteca Prof. Eusebio Cleto del Rey | Biblioteca Prof. Eusebio Cleto del Rey | 07/04/2026 | 368.022 S685 | L21533 | 07/04/2026 | 07/04/2026 | Libro | ||||||
| Biblioteca Prof. Eusebio Cleto del Rey | Biblioteca Prof. Eusebio Cleto del Rey | 07/04/2026 | 368.022 S685 | L21534 | 07/04/2026 | 07/04/2026 | Libro | ||||||
| Biblioteca Prof. Eusebio Cleto del Rey | Biblioteca Prof. Eusebio Cleto del Rey | 07/04/2026 | 368.022 S685 | L23532 | 07/04/2026 | 07/04/2026 | Libro | ||||||
| Biblioteca Prof. Eusebio Cleto del Rey | Biblioteca Prof. Eusebio Cleto del Rey | 07/04/2026 | 368.022 S685 | L23531 | 07/04/2026 | 07/04/2026 | Libro |